<?xml version="1.0" encoding="UTF-8"?>
<collection xmlns="http://www.loc.gov/MARC21/slim">
 <record>
  <leader>     na                 </leader>
  <controlfield tag="001">INLIS000000000000033</controlfield>
  <controlfield tag="005">20250518095145</controlfield>
  <datafield tag="035" ind1=" " ind2=" ">
   <subfield code="a">0010-0525000033</subfield>
  </datafield>
  <controlfield tag="007">ta</controlfield>
  <controlfield tag="008">250518                j          1 ind  </controlfield>
  <datafield tag="082" ind1=" " ind2=" ">
   <subfield code="a">028.5</subfield>
  </datafield>
  <datafield tag="084" ind1=" " ind2=" ">
   <subfield code="a">028.5 GIB s</subfield>
  </datafield>
  <datafield tag="100" ind1="0" ind2=" ">
   <subfield code="a">Gibran Maulana</subfield>
  </datafield>
  <datafield tag="245" ind1="1" ind2=" ">
   <subfield code="a">Si Kancil :</subfield>
   <subfield code="b">Mencuri ketimun /</subfield>
   <subfield code="c">Gibran Maulana</subfield>
  </datafield>
  <datafield tag="260" ind1=" " ind2=" ">
   <subfield code="a">Surabaya :</subfield>
   <subfield code="b">Karya Gemilang Utama</subfield>
  </datafield>
  <datafield tag="300" ind1=" " ind2=" ">
   <subfield code="a">32 hlm :</subfield>
   <subfield code="b">Ilus ;</subfield>
   <subfield code="c">14,5x19,5 cm</subfield>
  </datafield>
  <datafield tag="250" ind1=" " ind2=" ">
   <subfield code="a">Cetakan I</subfield>
  </datafield>
  <datafield tag="650" ind1=" " ind2="4">
   <subfield code="a">Si Kancil Mencuri Timun</subfield>
  </datafield>
  <datafield tag="990" ind1=" " ind2=" ">
   <subfield code="a">0034/2025</subfield>
  </datafield>
  <datafield tag="990" ind1=" " ind2=" ">
   <subfield code="a">0035/2025</subfield>
  </datafield>
  <datafield tag="990" ind1=" " ind2=" ">
   <subfield code="a">0036/2025</subfield>
  </datafield>
  <datafield tag="990" ind1=" " ind2=" ">
   <subfield code="a">0859/2024</subfield>
  </datafield>
  <datafield tag="990" ind1=" " ind2=" ">
   <subfield code="a">0860/2024</subfield>
  </datafield>
 </record>
</collection>
